00662nam a2200145Ia 4500008004100000050002300041100003600064245013800100260008600238300003300324521002700357942000700384999001900391952010600410140724s9999 xx 000 0 und d aZ 696b.Se443 2014 aSeballos, Christian Theodore F. 2aA proposed enhancement of Southville International School and Colleges Library System through KOHA /cChristian Theodore F. Seballos. aLas Piñas, Philippines :bSouthville International School and Colleges,cc2014. a29 p. :bcol. Ill. ;c28 cm. aInformation Technology cTH c229332d229332 001040aCLbCLcTHESESd2014-07-24l0oZ 696 .Se443 2014pT0686r2018-05-15 00:00:00w2014-07-24yTH